Gaming Quiz

Random Gaming or Pokémon Quiz

Ice French Pokemon Quiz Stats

 Plays Quiz not verified by Sporcle

Score 0/33 Timer 04:00
0 Plays Today
Gén Nom % Correct
1Lamantine
90.2%
1Lippoutou
85.4%
1Artikodin
82.9%
1Lokhlass
82.9%
3Stalgamin
75.6%
3Oniglali
75.6%
1Crustabri
73.2%
2Cochignon
68.3%
2Lippouti
65.9%
3Obalie
65.9%
3Kaimorse
65.9%
4Momartik
65.9%
2Marcacrin
63.4%
3Phogleur
63.4%
4Mammochon
63.4%
4Givrali
61%
5Sorbouboul
58.5%
Gén Nom % Correct
2Cadoizo
56.1%
3Regice
56.1%
5Sorbebe
56.1%
5Sorboul
56.1%
5Polarhume
56.1%
4Blizzi
53.7%
5Hexagel
53.7%
5Polagriffe
53.7%
4Blizzaroi
51.2%
2Farfuret
48.8%
4Dimoret
48.8%
5Kyurem
46.3%
6Grelacon
36.6%
6Seracrawl
34.1%
6Amagara
22%
6Dragmara
22%

You're not logged in!

Compare scores with friends on all Sporcle quizzes.
OR
Log In

Sporcle TV

Today on Sporcle TV


Watch our educational content, quiz creation guides, and fun videos on Sporcle TV.

Show Comments

Extras

Created Jan 14, 2015ReportNominate
Tags:French Quiz, Pokémon Quiz, gen, ice, nom

Top Quizzes Today


Score Distribution

Your Account Isn't Verified!

In order to create a playlist on Sporcle, you need to verify the email address you used during registration. Go to your Sporcle Settings to finish the process.

Report this User

Report this user for behavior that violates our Community Guidelines.

Details: